| 000 | 00829nas a2200265 4500 | ||
|---|---|---|---|
| 001 | BR7500730 | ||
| 003 | BR-BrBNA | ||
| 005 | 20231205082808.0 | ||
| 007 | ta | ||
| 008 | 230509b bl.|||p| |||| 00| 00por d | ||
| 040 |
_aBR-BrBNA _bpor _cBiblioteca Nacional de Agricultura |
||
| 041 | _a(Pt) | ||
| 072 | _aF00 | ||
| 110 | 1 |
_aInstituto de Pesquisas Agronomicas, Porto Alegre, RS (Brasil) _96134 |
|
| 245 | 1 | _aRecomendacoes a cultura do milho no Rio Grande do Sul [Zea mays, semeadura, adubacao] | |
| 650 | _aMILHO | ||
| 650 | _aSEMEADURA | ||
| 650 | _aADUBACAO | ||
| 650 | _aDOENCA DE PLANTA | ||
| 650 | _aPRAGA DE PLANTA | ||
| 650 | _aRIO GRANDE DO SUL | ||
| 773 | 0 |
_tIPAGRO Informa (Brazil) _xISSN 0100-3410 _g(Nov 1975), (no. 11) p. 3-9 _wBR7500730 |
|
| 909 |
_a202311 _bLúcia _c55 _dLúcia Elande |
||
| 942 |
_2AGRIS _n0 _cANA |
||
| 999 |
_c94269 _d94269 |
||